Educación católica : reflexiones para el cambio /

-д хадгалсан:
Номзүйн дэлгэрэнгүй
Үндсэн зохиолч: González Torres, Enrique (autor)
Бусад зохиолчид: Guzmán Anell, José Teódulo (autor) (autor)
Формат: Ном
Хэл сонгох:испани
Хэвлэсэн: México : Centro de Estudios Educativos, 1979
Нөхцлүүд:
Шошгууд: Шошго нэмэх
Шошго байхгүй, Энэхүү баримтыг шошголох эхний хүн болох!

MARC

LEADER 00000nam^a2200000^a^4500
001 000025054
005 20250521000000.0
009 20260310084638.282
037 |a Acervo ITESO - Biblioteca 
041 |a ESP 
082 |a 282. 80  |b IGL LAT 1979-edu 
100 |a González Torres, Enrique  |e (autor) 
245 1 0 |a Educación católica :  |b reflexiones para el cambio /  |c E. González Torres, J.T. Guzmán Anell. 
246 2 |a Título en la cubierta: Educación católica : reflexiones para el cambio : un tema importante en la CELAM 1979 
264 1 |a México :  |b Centro de Estudios Educativos,  |c 1979 
300 |a 1 folleto (40 p.) 
336 |a texto  |b txt  |2 rdacontenido 
337 |a sin mediación  |b n  |2 rdamedio 
338 |a volumen  |b nc  |2 rdasoporte 
649 |a XX 
650 |a Iglesia Católica en Latinoamérica 
650 |a Universidades Católicas -  |z Latinoamérica 
650 |a Educación Religiosa -  |z Latinoamérica -  |x Tema Principal 
650 |a Educación Superior -  |z Latinoamérica 
650 |a Iglesia y Educación -  |z Latinoamérica -  |x Tema Principal 
650 |a Educación y Sociedad -  |z Latinoamérica 
650 |a Sociología de la Educación 
700 |a Guzmán Anell, José Teódulo  |e (autor) 
910 |a Fondo General 
920 |a Impresos - Libros 
930 |a Colección General 
905 |a 101 
901 |a 0250540100  |b IT2  |c FOL  |i 025054  |u 20250521 
901 |a 0250540200  |b IT2  |c FOL  |i 903817  |u 20250521 
902 |a https://opac.biblio.iteso.mx/vufind/Record/000025054